header

Random walks (Record no. 90007)

MARC details
000 -LEADER
fixed length control field 01171nam a2200301Ia 4500
082 04 - DEWEY DECIMAL CLASSIFICATION NUMBER
Classification number 801/.95
100 1# - MAIN ENTRY--AUTHOR NAME
Personal name Solway, David.
245 10 - TITLE STATEMENT
Title Random walks
260 ## - PUBLICATION, DISTRIBUTION, ETC. (IMPRINT)
Place of publication Montreal ;
-- Buffalo :
Name of publisher McGill-Queen's University Press,
Year of publication c1997.
300 ## - PHYSICAL DESCRIPTION
Number of Pages xxi, 224 p.
650 #0 - SUBJECT ADDED ENTRY--TOPICAL TERM
Topical Term Criticism.
Topical Term Literature
856 40 - ELECTRONIC LOCATION AND ACCESS
Uniform Resource Identifier http://site.ebrary.com/lib/rucke/Doc?id=10141763

No items available.

© 2026 Rongo University
Contact us: librarian | system librarian | Rongo university